| 000 | 01591nam a2200409 a 4500 | ||
|---|---|---|---|
| 001 | ebr10469371 | ||
| 003 | CaPaEBR | ||
| 006 | m u | ||
| 007 | cr cn||||||||| | ||
| 008 | 920128s1992 iluaf sb 001 0beng d | ||
| 010 | _z 92004414 | ||
| 020 | _z0809318202 | ||
| 020 | _z9780809330089 (pbk.) | ||
| 020 | _z9780809318209 (cloth) | ||
| 020 | _z0809330083 (pbk.) | ||
| 020 | _z0809386003 (e-book) | ||
| 020 | _z9780809386000 (e-book) | ||
| 040 |
_aCaPaEBR _cCaPaEBR |
||
| 035 | _a(OCoLC)42922775 | ||
| 043 | _an-us--- | ||
| 050 | 1 | 4 |
_aPN2287.L3 _bS34 1992eb |
| 082 | 0 | 4 |
_a792/.028/092 _aB _220 |
| 100 | 1 |
_aSchanke, Robert A., _d1940- |
|
| 245 | 1 | 0 |
_aShattered applause _h[electronic resource] : _bthe lives of Eva Le Gallienne / _cRobert A. Schanke ; foreword by May Sarton. |
| 260 |
_aCarbondale : _bSouthern Illinois University Press, _cc1992. |
||
| 300 |
_axxii, 319 p., [41] p. of plates : _bill. |
||
| 500 | _aPaperback edition 2010. | ||
| 504 | _aIncludes bibliographical references and index. | ||
| 533 |
_aElectronic reproduction. _bPalo Alto, Calif. : _cebrary, _d2013. _nAvailable via World Wide Web. _nAccess may be limited to ebrary affiliated libraries. |
||
| 600 | 1 | 0 |
_aLe Gallienne, Eva, _d1899-1991. |
| 650 | 0 |
_aActors _zUnited States _vBiography. |
|
| 650 | 0 |
_aLesbians _zUnited States _vBiography. |
|
| 655 | 7 |
_aElectronic books. _2local |
|
| 700 | 1 |
_aSarton, May, _d1912-1995. |
|
| 710 | 2 | _aebrary, Inc. | |
| 856 | 4 | 0 |
_uhttp://site.ebrary.com/lib/rucke/Doc?id=10469371 _zAn electronic book accessible through the World Wide Web; click to view |
| 999 |
_c241670 _d241670 |
||